000 01413nam a22003977a 4500
003 CHAP
005 20220329141517.0
008 971013s1989 r 00010 d
010 _a69317
011 _a70289
035 _a79770
040 _cCHAP
090 _aTesis
100 0 0 _aLozano Garza, Leopoldo.
_968763
245 _aEfecto de tres dósis de cinco elementos químicos no esenciales sobre el cultivo del sorgo (Sorghum vulgare Pers.) bajo condiciones de hidroponia
260 _aMarín, N. L. :
_bEl autor,
_c1989
300 _a58 h.
500 _a33-220
502 _aTesis (Ing. Agrónomo Fitotecnista) -- Univ. Autónoma de Nuevo León. Fac. de Agronomía
590 _aALEPH
_b10
_c20130110
_lUCH01
_h1407
590 _aBATCH-UPD
_b10
_c20130110
_lUCH01
_h0639
590 _aBATCH-UPD
_b10
_c20130110
_lUCH01
_h2339
590 _aBATCH-UPD
_b10
_c20130914
_lUCH01
_h0953
590 _aCONVERSION
_b10
_c20130109
_lUCH01
_h1338
650 1 4 _aCobalto
_xEfecto en plantas.
_924156
650 1 4 _aEstroncio
_xEfecto en plantas.
_938475
650 1 4 _aHidroponía.
_955280
650 1 4 _aLitio
_xEfecto el plantas.
_967154
650 1 4 _aSoluciones nutritivas.
_9108527
650 1 4 _aSorgo
_xCrecimiento.
_9108644
650 1 4 _aUranio
_xEfecto en plantas.
_9116818
650 1 4 _aVanadio
_xEfecto en plantas.
_9117836
901 _aBK
942 _cTESIS
949 _bBC
_cTES
_d-32659
_eTS1
_h22175
_i79770
_si
999 _c69317
_d69317